000 00506nam a2200181Ia 4500
005 20250326125333.0
008 250326s9999 xx 000 0 und d
037 _aTextbook
040 _aFMSL
_beng
_cFMSL
041 _aeng
_2eng
084 _aX8(A):9 K5
_qFMSL
100 _aTredgold R F
245 0 _aHuman relations in modern industry
_cTredgold R F
260 _aLondon
_bLondon, University Paperback
_c1965
300 _a192p
942 _cTB
_hX8(A):9 K5
999 _c1277595
_d1277595